[Event "San Jose Gutierrez Mangel Cup"]
[Site "San Jose"]
[Date "2022.12.21"]
[Round "4"]
[White "Gomez Garrido, Camilo Ernesto"]
[Black "Jimenez Garcia, Emanuel"]
[Result "1/2-1/2"]
[WhiteElo "2478"]
[BlackElo "2383"]
[PlyCount "66"]
[EventDate "2022.12.19"]
[EventType "tourn"]
[EventRounds "9"]
[EventCountry "CRI"]
[EventCategory "6"]
[SourceTitle "EXT 2024"]
[Source "ChessBase"]
[SourceDate "2023.10.10"]
[SourceVersion "1"]
[SourceVersionDate "2023.10.10"]
[SourceQuality "1"]

1. e4 d6 2. d4 Nf6 3. Nc3 e5 4. Nf3 Nbd7 5. Bc4 Be7 6. 0-0 0-0 7. a4 exd4 8. Nxd4 Ne5 9. Ba2 Nc6 10. Bf4 Nb4 11. Bb3 Nd7 12. Qd2 Nc5 13. Bc4 Bf6 14. Be3 a5 15. f3 Bxd4 16. Bxd4 Be6 17. Be2 f5 18. Nd5 Nxd5 19. exd5 Bxd5 20. Bxg7 Kxg7 21. Qxd5 Qf6 22. c3 Rae8 23. Qd1 Re3 24. b4 axb4 25. cxb4 Nb3 26. Ra2 Rfe8 27. Bc4 Nd4 28. Rd2 Nc6 29. Bb5 R8e5 30. Rc2 Qh4 31. Rc4 f4 32. g3 Rg5 33. Bxc6 Rxg3+ 1/2-1/2

[Event "Iberoamericano Chess24"]
[Site "chess24.com INT"]
[Date "2020.06.01"]
[Round "1.3"]
[White "Perez Candelario, Manuel"]
[Black "Gomez Garrido, Camilo Ernesto"]
[Result "1-0"]
[WhiteElo "2612"]
[BlackElo "2479"]
[PlyCount "109"]
[EventDate "2020.06.01"]
[EventType "k.o. (blitz)"]
[EventRounds "6"]
[EventCountry "ESP"]
[SourceTitle "CBM 197 Extra"]
[Source "ChessBase"]
[SourceDate "2020.09.30"]
[SourceVersion "1"]
[SourceVersionDate "2020.09.30"]
[SourceQuality "1"]

1. e4 c5 2. Nf3 d6 3. d4 cxd4 4. Nxd4 Nf6 5. f3 e5 6. Nb3 Be6 7. c4 Nbd7 8. Nc3 Rc8 9. Be3 Bxc4 10. Bxc4 Rxc4 11. Qd3 Rc6 12. 0-0-0 Be7 13. g4 Nb6 14. Na5 Rc7 15. Kb1 0-0 16. h4 Rd7 17. g5 Nh5 18. Qb5 Kh8 19. Bxb6 axb6 20. Nc4 Nf4 21. Nxb6 Rc7 22. Nbd5 Nxd5 23. Nxd5 Rd7 24. Rc1 f6 25. g6 hxg6 26. h5 g5 27. h6 g6 28. Rc2 f5 29. Rhc1 Qe8 30. Nc7 Rxc7 31. Qxe8 Rxe8 32. Rxc7 g4 33. exf5 gxf5 34. fxg4 f4 35. Rg1 f3 36. g5 f2 37. Rf1 Bxg5 38. Rxf2 e4 39. h7 e3 40. Re2 d5 41. Kc2 d4 42. Kd3 Bf6 43. Rxb7 Rc8 44. a4 Rc1 45. Rd7 Rd1+ 46. Ke4 Rf1 47. a5 Bg7 48. a6 Ra1 49. a7 Kxh7 50. b4 Ra4 51. b5 Ra3 52. b6 Kg6 53. b7 d3 54. Rxd3 Rxa7 55. b8Q 1-0

[Event "Titled Tuesday intern op 12th May"]
[Site "Chess.com INT"]
[Date "2020.05.12"]
[Round "9"]
[White "Gomez Garrido, Camilo Ernesto"]
[Black "Piesik, Piotr"]
[Result "1-0"]
[WhiteElo "2479"]
[BlackElo "2418"]
[PlyCount "51"]
[EventDate "2020.05.12"]
[EventType "swiss (blitz)"]
[EventRounds "10"]
[EventCountry "USA"]
[SourceTitle "CBM 196 Extra"]
[Source "ChessBase"]
[SourceDate "2020.07.31"]
[SourceVersion "1"]
[SourceVersionDate "2020.07.31"]
[SourceQuality "1"]

1. e4 g6 2. d4 Bg7 3. Nc3 c6 4. Be3 d5 5. Qd2 dxe4 6. Nxe4 Nf6 7. Nxf6+ Bxf6 8. Nf3 Be6 9. Be2 c5 10. Rd1 cxd4 11. Nxd4 Bd7 12. Bh6 Nc6 13. Nb3 Be6 14. Qe3 Qb6 15. c3 Qxe3 16. Bxe3 b6 17. Bb5 Rc8 18. Nd4 Bd7 19. Ba6 Rd8 20. Nb5 0-0 21. Nxa7 Nxa7 22. Bxb6 Nc6 23. Bxd8 Rxd8 24. Bb5 e6 25. Rxd7 Rxd7 26. Bxc6 1-0

[Event "Titled Tuesday intern op 12th May"]
[Site "Chess.com INT"]
[Date "2020.05.12"]
[Round "7"]
[White "Rozman, Levy"]
[Black "Gomez Garrido, Camilo Ernesto"]
[Result "1-0"]
[WhiteElo "2343"]
[BlackElo "2479"]
[PlyCount "63"]
[EventDate "2020.05.12"]
[EventType "swiss (blitz)"]
[EventRounds "10"]
[EventCountry "USA"]
[SourceTitle "CBM 196 Extra"]
[Source "ChessBase"]
[SourceDate "2020.07.31"]
[SourceVersion "1"]
[SourceVersionDate "2020.07.31"]
[SourceQuality "1"]

1. e4 c5 2. a3 Nc6 3. b4 cxb4 4. axb4 Nxb4 5. c3 Nc6 6. d4 d5 7. exd5 Qxd5 8. Na3 Nf6 9. Nb5 Qd8 10. d5 Ne5 11. Bf4 Nfd7 12. Qd4 f6 13. Nf3 e6 14. dxe6 Nc5 15. Nxe5 fxe5 16. Qxd8+ Kxd8 17. Bg5+ Be7 18. 0-0-0+ Ke8 19. Nc7+ Kf8 20. Bxe7+ Kxe7 21. Nxa8 Nxe6 22. Bc4 Bd7 23. Bxe6 Bxe6 24. Nc7 Bc4 25. Nd5+ Ke6 26. Ne3 Bb3 27. Rd2 Rc8 28. Kb2 Ba4 29. Re1 h5 30. f4 exf4 31. Nd5+ Kd6 32. Ne7+ 1-0

[Event "PNWCC Online blitz JP 8th"]
[Site "Chess.com INT"]
[Date "2020.05.02"]
[Round "9"]
[White "Smirin, Ilia"]
[Black "Gomez Garrido, Camilo Ernesto"]
[Result "1-0"]
[WhiteElo "2612"]
[BlackElo "2479"]
[PlyCount "49"]
[EventDate "2020.05.02"]
[EventType "swiss (blitz)"]
[EventRounds "11"]
[EventCountry "USA"]
[SourceTitle "CBM 195 Extra"]
[Source "ChessBase"]
[SourceDate "2020.05.31"]
[SourceVersion "1"]
[SourceVersionDate "2020.05.31"]
[SourceQuality "1"]

1. e4 c5 2. Nf3 d6 3. d4 cxd4 4. Nxd4 Nf6 5. Nc3 a6 6. f4 e5 7. Nf3 Nbd7 8. a4 Be7 9. Bc4 0-0 10. 0-0 Qc7 11. Qe2 exf4 12. Bxf4 Ne5 13. Bb3 Bg4 14. Kh1 Rac8 15. Qf2 Qc5 16. Nd4 Rfe8 17. Rae1 h6 18. Be3 Qb4 19. Qg3 Bh5 20. Nf5 Bg6 21. Bxh6 Bf8 22. Bg5 Rxc3 23. bxc3 Nxe4 24. cxb4 Nxg3+ 25. Nxg3 1-0

[Event "Titled Tuesday intern op 28th Apr"]
[Site "Chess.com INT"]
[Date "2020.04.28"]
[Round "5"]
[White "Gomez Garrido, Camilo Ernesto"]
[Black "Cramling Bellon, Anna"]
[Result "1-0"]
[WhiteElo "2479"]
[BlackElo "2035"]
[PlyCount "83"]
[EventDate "2020.04.28"]
[EventType "swiss (blitz)"]
[EventRounds "10"]
[EventCountry "USA"]
[SourceTitle "EXT 2021"]
[Source "ChessBase"]
[SourceDate "2020.10.23"]
[SourceVersion "1"]
[SourceVersionDate "2020.10.23"]
[SourceQuality "1"]

1. e4 c5 2. Nf3 a6 3. c3 d5 4. exd5 Qxd5 5. d4 Nf6 6. Be2 Nc6 7. 0-0 e6 8. Na3 cxd4 9. Nc4 Qd8 10. cxd4 Be7 11. Nce5 0-0 12. Nxc6 bxc6 13. Qc2 Bb7 14. Be3 Rc8 15. Rfd1 Nd5 16. Rac1 Qb6 17. Ne5 Rfd8 18. Bd3 g6 19. Nc4 Qc7 20. Bd2 Nb4 21. Bxb4 Bxb4 22. Be4 Be7 23. a3 Bf6 24. Ne5 Bxe5 25. dxe5 Qxe5 26. Bf3 Qc7 27. b4 Rxd1+ 28. Qxd1 Rd8 29. Qe2 Qb6 30. h4 a5 31. bxa5 Qxa5 32. Qb2 Qb5 33. Qxb5 cxb5 34. Bxb7 Rd7 35. Bc6 Rd3 36. Ra1 Rd4 37. Bxb5 Rxh4 38. a4 Rd4 39. a5 Rd8 40. a6 Ra8 41. a7 Kg7 42. Bc6 1-0

[Event "CAN-ch International"]
[Site "Longueuil"]
[Date "2019.10.12"]
[Round "3"]
[White "Sambuev, Bator"]
[Black "Gomez Garrido, Camilo Ernesto"]
[Result "1/2-1/2"]
[WhiteElo "2513"]
[BlackElo "2471"]
[PlyCount "91"]
[EventDate "2019.10.11"]
[EventType "swiss"]
[EventRounds "5"]
[EventCountry "CAN"]
[SourceTitle "EXT 2021"]
[Source "ChessBase"]
[SourceDate "2020.10.23"]
[SourceVersion "1"]
[SourceVersionDate "2020.10.23"]
[SourceQuality "1"]

1. Nf3 c5 2. c4 Nc6 3. Nc3 g6 4. e3 Nf6 5. d4 cxd4 6. exd4 d5 7. Be2 Bg7 8. 0-0 0-0 9. Re1 Be6 10. c5 Ne4 11. Bb5 Bg4 12. Nxe4 Bxf3 13. gxf3 dxe4 14. Bxc6 bxc6 15. Rxe4 e5 16. Re1 exd4 17. Bf4 Qd5 18. Bd6 Rfe8 19. Qb3 Qg5+ 20. Kf1 Qf5 21. Rad1 Be5 22. Bxe5 Rxe5 23. Rxe5 Qxe5 24. Qa4 Qd5 25. Qxd4 Qxf3 26. Rd3 Qh1+ 27. Ke2 Qxh2 28. b4 Qc7 29. Qd7 Qe5+ 30. Re3 Qf6 31. Rf3 Qb2+ 32. Kf1 Qxa2 33. Qxc6 Qc4+ 34. Kg2 Qg4+ 35. Rg3 Rc8 36. Qb7 Qe6 37. Re3 Qg4+ 38. Rg3 Qe6 39. Re3 Qg4+ 40. Rg3 Qe6 41. Re3 Qc6+ 42. Qxc6 Rxc6 43. Re8+ Kg7 44. Re3 Kg8 45. Kf3 a5 46. Ke4 1/2-1/2

[Event "Montreal Varennes op"]
[Site "Montreal"]
[Date "2018.10.06"]
[Round "2"]
[White "Gomez Garrido, Camilo Ernesto"]
[Black "Hirschberg, Valerian"]
[Result "1-0"]
[WhiteElo "2497"]
[BlackElo "2277"]
[PlyCount "219"]
[EventDate "2018.10.05"]
[EventType "swiss"]
[EventRounds "5"]
[EventCountry "CAN"]
[SourceTitle "CBM 187 Extra"]
[Source "ChessBase"]
[SourceDate "2018.11.04"]
[SourceVersion "1"]
[SourceVersionDate "2018.11.04"]
[SourceQuality "1"]

1. e4 c5 2. Nf3 Nc6 3. d4 cxd4 4. Nxd4 Nf6 5. Nc3 e5 6. Ndb5 d6 7. Bg5 a6 8. Na3 b5 9. Nd5 Be7 10. Bxf6 Bxf6 11. c4 b4 12. Nc2 Rb8 13. b3 Bg5 14. g3 0-0 15. Bg2 Be6 16. 0-0 Qa5 17. h4 Bh6 18. a3 bxa3 19. Rxa3 Qc5 20. Rxa6 Kh8 21. Na3 Bxd5 22. Qxd5 Nd4 23. Nb5 Nxb5 24. cxb5 Qxb5 25. Rxd6 Qxb3 26. Qxe5 Qb2 27. Qh5 Bd2 28. Rd1 g6 29. Qd5 Bb4 30. Rd7 Qf6 31. e5 Qb6 32. Rb1 Qe6 33. Qxe6 fxe6 34. Bh3 Bc5 35. Rxb8 Rxb8 36. Bxe6 Rb2 37. Rf7 Re2 38. Kg2 Rxe5 39. Bg4 Re7 40. Rf8+ Kg7 41. Rc8 Bd4 42. f4 Bf6 43. Bf3 Rd7 44. Be2 Ra7 45. Bc4 Be7 46. Rg8+ Kh6 47. g4 Bxh4 48. g5+ Bxg5 49. fxg5+ Kxg5 50. Rd8 Rc7 51. Rd5+ Kf6 52. Bd3 Re7 53. Kf3 Re5 54. Rd8 Re7 55. Kf4 Rc7 56. Be4 Re7 57. Bd5 Kg7 58. Rd6 Rc7 59. Ke5 Re7+ 60. Be6 Ra7 61. Rd8 Ra5+ 62. Bd5 Ra7 63. Rb8 Re7+ 64. Kd6 Ra7 65. Ke6 Rc7 66. Ra8 Kh6 67. Kd6 Rc1 68. Ra7 Rd1 69. Rb7 Rd2 70. Ke6 Rf2 71. Ke5 Re2+ 72. Kf6 Rf2+ 73. Ke7 Kg5 74. Kd6 h5 75. Ke5 h4 76. Be4 Kg4 77. Bxg6 h3 78. Be4 h2 79. Rg7+ Kh3 80. Bh1 Ra2 81. Bc6 Rf2 82. Bd5 Rd2 83. Bc6 Rf2 84. Kd4 Rf4+ 85. Ke3 Rg4 86. Bd7 h1Q 87. Rh7+ Kg3 88. Rxh1 Rb4 89. Rg1+ Kh4 90. Bf5 Kh5 91. Be4 Kh6 92. Kf4 Rb5 93. Rg6+ Kh5 94. Re6 Rb4 95. Re7 Rb6 96. Ra7 Rd6 97. Ra1 Kh6 98. Bf5 Rd2 99. Ra7 Rf2+ 100. Ke5 Kg5 101. Rg7+ Kh4 102. Ke4 Rf1 103. Rg4+ Kh5 104. Ke5 Ra1 105. Rg3 Ra5+ 106. Kf4 Ra4+ 107. Be4 Kh6 108. Rg6+ Kh5 109. Rb6 Rc4 110. Rb7 1-0

[Event "CUB-ch 55th"]
[Site "Havana"]
[Date "2018.02.09"]
[Round "8"]
[White "Albornoz Cabrera, Carlos Daniel"]
[Black "Gomez Garrido, Camilo Ernesto"]
[Result "1/2-1/2"]
[WhiteElo "2510"]
[BlackElo "2511"]
[PlyCount "83"]
[EventDate "2018.02.02"]
[EventType "tourn"]
[EventRounds "9"]
[EventCountry "CUB"]
[EventCategory "11"]
[SourceTitle "CBM 183"]
[Source "ChessBase"]
[SourceDate "2018.03.14"]
[SourceVersion "1"]
[SourceVersionDate "2018.03.14"]
[SourceQuality "1"]

1. e4 c5 2. Nf3 d6 3. d4 cxd4 4. Nxd4 Nf6 5. Nc3 a6 6. Bg5 e6 7. f4 Nbd7 8. Qe2 Qc7 9. 0-0-0 b5 10. a3 Bb7 11. g4 Be7 12. Bh4 h6 13. Rg1 Rc8 14. Kb1 g5 15. fxg5 hxg5 16. Bxg5 Qb6 17. Qe1 Rxc3 18. Bxf6 Nxf6 19. Qxc3 Nxe4 20. Qe1 Bf6 21. c3 Rxh2 22. g5 Bxd4 23. Rxd4 e5 24. g6 fxg6 25. Bd3 Nd2+ 26. Ka2 Nf3 27. Qg3 g5 28. Bg6+ Ke7 29. Rdd1 Qf2 30. Qxf2 Rxf2 31. Rg3 e4 32. Bh5 e3 33. Bxf3 Bxf3 34. Re1 e2 35. Rxg5 Kf6 36. Rg3 Ke5 37. Rxf3 Rxf3 38. Rxe2+ Kd5 39. a4 Rf4 40. Rd2+ Kc6 41. axb5+ axb5 42. Kb3 1/2-1/2

[Event "Carlos Torre Memorial op 29th"]
[Site "Merida"]
[Date "2017.12.19"]
[Round "9"]
[White "Soto Hernandez, Henry"]
[Black "Gomez Garrido, Camilo Ernesto"]
[Result "1-0"]
[WhiteElo "2457"]
[BlackElo "2515"]
[PlyCount "80"]
[EventDate "2017.12.14"]
[EventType "swiss"]
[EventRounds "9"]
[EventCountry "MEX"]
[SourceTitle "CBM 182 Extra"]
[Source "ChessBase"]
[SourceDate "2018.02.23"]
[SourceVersion "1"]
[SourceVersionDate "2018.02.23"]
[SourceQuality "1"]

1. e4 e6 2. d4 d5 3. Nd2 c5 4. exd5 Qxd5 5. Ngf3 cxd4 6. Bc4 Qd7 7. 0-0 Nc6 8. Nb3 a6 9. Nbxd4 Nxd4 10. Nxd4 Qc7 11. Bb3 Bd6 12. Re1 Ne7 13. h3 0-0 14. c3 Ng6 15. Bc2 Bd7 16. Qh5 Qc5 17. Qxc5 Bxc5 18. Nb3 Ba7 19. Be4 Rab8 20. Be3 Bxe3 21. Rxe3 Rfc8 22. Rd1 Bc6 23. Bxc6 Rxc6 24. Red3 Kf8 25. Rd4 Ne5 26. Nd2 Ke7 27. f4 Nd7 28. Nc4 Rc7 29. Ne3 h5 30. f5 Nf6 31. fxe6 fxe6 32. Re1 Rd7 33. Nf5+ Kf7 34. Nd6+ Ke7 35. Nf5+ Kf7 36. Ne3 Ke7 37. Rf4 Rbd8 38. g4 hxg4 39. hxg4 g5 40. Rf3 Ng8 1-0